000 01254nam a2200325 i 4500
003 EG-GICUC
005 20260121101531.0
008 251222s2003 ua ||||fr|||| 00| 0 ara d
040 _a EG-GICUC
_bara
_c EG-GICUC
_d EG-GICUC
_erda
041 _aara
082 0 4 _221
_a345.45
_bأ ن . ت
092 0 4 _221
099 _alaw1 07 345.45 أ ن . ت 2 ed - 2003
100 0 _aأنور أحمد رسلان
_eمؤلف.
245 _aالتحقيق الأداري و المسؤلية التأديبية /
_cدكتور أنور أحمد رسلان .
250 _aالطبعة الثانية
264 3 _aالقاهرة :
_bمطبعة كلية الحقوق جامعة القاهرة،
_c2003.
300 _a211 ؛ صفحة
_c24 سم.
_bإيضاحيات، صور، مثيليات ؛
336 _2rda content
_atext
337 _2rda media
_aComputer
338 _2rda carrier
_aOnline Resource
504 _a. 240-220 ببليوجرافيا: صفحات.
546 _aالنص باللغة العربية
650 1 4 _aالقانون الإدارى
_2qrmak
650 1 4 _aالسلطات التاديبية
_2qrmak
651 1 _2qrmak
856 4 0 _uhttps://fll.law.cu.edu.eg/fulltext/bks/B07-01777.pdf
905 _a77
942 _2ddc
_n0
_cBK
_e21
999 _c52103
_d52103